| 000 | 00000nam##2200000za#4500 |
| 001 | 9.686256 |
| 003 | CaOODSP |
| 005 | 20210624230443 |
| 007 | cr ||||||||||| |
| 008 | 150407|2001||||xxc|||||o f|0| 0 eng|d |
| 020 | |a0-662-31225-2 |
| 040 | |aCaOODSP|beng |
| 043 | |an-cn--- |
| 086 | 1 |aC2-596/2001E-IN2 |
| 110 | 1 |aCanada. |bIndustry Canada. |
| 245 | 10|aAchieving excellence : |h[electronic resource]|binvesting in people, knowledge and opportunity - Canada's innovation strategy |
| 260 | |aOttawa - Ontario : |bIndustry Canada |c[2001]. |
| 300 | |a96p.|bgraphs, references, tables, photographs |
| 590 | |a11-28-Supp|b2011-11-17 |
| 690 | 07|aKnowledge based economy|2gcpds |
| 690 | 07|aStrategies|2gcpds |
| 690 | 07|aTechnological innovation|2gcpds |
| 775 | 08|tAtteindre l'excellence : |w(CaOODSP)9.630736 |
| 776 | 0#|tAchieving excellence: investing in people, knowledge and opportunity : |w(CaOODSP)9.663519 |
| 776 | 0#|tAtteindre l'excellence: investir dans les gens, le savoir et les possibilités : |w(CaOODSP)9.663520 |
| 856 | 40|ahttp://publications.gc.ca|qPDF|s2.23 MB|uhttps://publications.gc.ca/collections/Collection/C2-596-2001E.pdf |
| 986 | |a53564B |